| 000 | 00698 a2200193 4500 | ||
|---|---|---|---|
| 020 | _a0521546494 | ||
| 020 | _a9780521546492 | ||
| 082 | 0 | 4 | _a530.13 |
| 090 |
_c283 _d283 |
||
| 100 | 1 | _aRuelle, David. | |
| 245 | 1 | 0 |
_aThermodynamic formalism : _bthe mathematical structure of equilibrium statistical mechanics / _cDavid Ruelle. |
| 250 | _a2nd ed. | ||
| 260 |
_a[S.l.] : _bCambridge University Press, _c2004. |
||
| 300 |
_a174 p. ; _c23 cm. |
||
| 490 | 1 | _aCambridge mathematical library. | |
| 830 | 0 | _aCambridge mathematical library. | |
| 942 |
_aSNS _cBK _k530.13 RUE |
||
| 999 |
_c28918 _d28918 |
||